|
|
|
|
| LEADER |
01000pam a22002898a 4500 |
| 001 |
00037813 |
| 005 |
20171026081025.0 |
| 008 |
170514s2003 ||||||Viesd |
| 041 |
0 |
# |
|a Vie
|
| 082 |
1 |
4 |
|a 930
|b L302S
|
| 245 |
1 |
0 |
|a Lịch sử văn hóa thế giới cổ - trung đại
|c Lương Ninh (chủ biên), Nguyễn Gia Phu, Đinh Ngọc Bảo, Dương Duy Bằng
|
| 250 |
# |
# |
|a Tái bản lần thứ ba
|
| 260 |
# |
# |
|a Hà Nội
|b Giáo dục
|c 2003
|
| 300 |
# |
# |
|a 295tr.
|c 21 cm.
|
| 653 |
# |
# |
|a Cổ trung đại
|
| 653 |
# |
# |
|a Lịch sử
|
| 653 |
# |
# |
|a Văn hóa
|
| 653 |
# |
# |
|a Thế giới
|
| 700 |
1 |
# |
|a Dương, Duy Bằng
|
| 700 |
1 |
# |
|a Nguyễn, Gia Phu
|
| 700 |
1 |
# |
|a Đinh, Ngọc Bảo
|
| 700 |
1 |
# |
|e Chủ biên
|a Lương, Ninh
|
| 852 |
# |
# |
|j KD.0022410
|j KM.0023583
|j KM.0025159
|
| 852 |
# |
# |
|b Kho đọc
|j KD.1000428
|
| 910 |
|
|
|d 14/05/2017
|
| 980 |
# |
# |
|a Trung tâm Học liệu Lê Vũ Hùng, Trường Đại học Đồng Tháp
|